Juice Wrld Bad Energy lyrics - Statistics

General Stats
  • This quiz has been taken 61 times
  • The average score is 153 of 264
Answer Stats
Answer % Correct
bad
96%
energy
96%
the
91%
me
85%
drain
83%
out
80%
a
78%
i
78%
I
78%
memories
78%
forget
70%
my
70%
to
70%
all
67%
in
67%
ma
67%
do
65%
im
61%
Im
61%
you
61%
got
59%
pills
59%
bride
57%
kiss
57%
no
57%
feel
54%
her
54%
may
54%
she
54%
these
54%
been
52%
brain
52%
girl
52%
married
52%
pride
52%
swallow
52%
that
52%
aint
50%
and
50%
but
50%
dying
50%
frying
50%
know
50%
like
50%
pearls
50%
right
50%
so
50%
try
50%
buying
48%
drugs
48%
give
48%
head
48%
light
48%
million
48%
night
48%
ordinary
48%
oxy
48%
see
48%
shiny
48%
thing
48%
world
48%
yellow
48%
dark
46%
diamonds
46%
drama
46%
eyes
46%
hate
46%
highs
46%
it
46%
Ive
46%
ive
46%
keep
46%
lying
46%
show
46%
spot
46%
they
46%
this
46%
up
46%
with
46%
at
43%
codeine
43%
crying
43%
dollars
43%
have
43%
is
43%
love
43%
multi
43%
ok
43%
screaming
43%
side
43%
soul
43%
them
43%
thot
43%
though
43%
told
43%
trauma
43%
voices
43%
alright
41%
call
41%
chest
41%
feels
41%
gettin
41%
heart
41%
kills
41%
life
41%
numb
41%
pour
41%
pricey
41%
said
41%
trouble
41%
wrong
41%
down
39%
even
39%
feeling
39%
friends
39%
from
39%
just
39%
mine
39%
much
39%
pain
39%
crowd
37%
demons
37%
doing
37%
job
37%
lead
37%
miss
37%
stab
37%
start
37%
tryna
37%
was
37%
watch
37%
wounds
37%
cant
35%
crack
35%
drownin
35%
ocean
35%
poppin
35%
smile
35%
studio
35%
explain
33%
feelings
33%
Hi-c
33%
hi-c
33%
kinda
33%
losing
33%
pourin
33%
winning
33%
long
30%
red
28%
blood
26%
blend
2%
No matching quizzes found
Score Distribution
Percent of People with Each Score
Percentile by Number Answered
Your Score History
You have not taken this quiz